| 000 | 00799nam a2200253Ia 4500 | ||
|---|---|---|---|
| 003 | OSt | ||
| 005 | 20220927110435.0 | ||
| 006 | a|||||r|||| 00| 0 | ||
| 007 | ta | ||
| 008 | 220926b |||||||| |||| 00| 0 eng d | ||
| 024 | _a69435 | ||
| 037 | _cReports | ||
| 040 |
_aRTL _cRTL _beng |
||
| 041 |
_2eng _aeng |
||
| 082 | _a"X818(J).4.N5t, J7/UN" | ||
| 110 |
_aWorking Party on crop and livestock insurance (Bangkok) (1956) _9378249 |
||
| 245 | 0 | _aReport | |
| 260 |
_aRome _bFood and Agriculture Organization _c1957 |
||
| 300 |
_a44p. Appendix p. 39-44 _ccm. |
||
| 650 |
_aLife Insurance _9360426 |
||
| 700 |
_aWorking Party on crop and livestock insurance (Bangkok) (1956) _9378250 |
||
| 942 |
_h"X818(J).4.N5t, J7/UN" _cCC |
||
| 999 |
_c696700 _d696700 |
||